Представление документа в формате MARC21

Поле Инд. ПП Название Значение
Тип записи a
Библиографический уровень a
001 Контрольный номер RU/IS/BASE/152715957
005 Дата корректировки 20240209093421.6
084 a Индекс другой классификации/Индекс ББК 81.006
090 00 a Полочн. индекс 81я43
x Авторский знак П 781
100 10 a Автор Булыгина Т. В.
245 00 a Заглавие Об организации плана содержания с точки зрения ее соответствия организации плана выражения
650 04 a Основная рубрика филологические науки; языкознание
653 00 a Ключевые слова грамматические признаки
a Ключевые слова грамматические значения
a Ключевые слова граммемы
a Ключевые слова дифференциальный признак
a Ключевые слова единицы языка
a Ключевые слова лексемы
a Ключевые слова лексическое значение
a Ключевые слова общее
a Ключевые слова оппозиция
a Ключевые слова план выражения
a Ключевые слова план содержания
a Ключевые слова просодические признаки
a Ключевые слова семантические единицы
a Ключевые слова синтаксическое значение
a Ключевые слова система языка
a Ключевые слова слог
a Ключевые слова фонема
a Ключевые слова фонологическое слово
773 00 d Дата издания источника Москва, 1967
g Прочая информация С. 62-66
t Заглавие источника Проблемы языкознания
w Контрольный № источника RU/IS/BASE/102085341
901 t Тип документа a